[Event "GER-chA Seniors 27th"]
[Site "Magdeburg"]
[Date "2015.08.21"]
[Round "7"]
[White "Jacob, Helmut"]
[Black "Sailer, Hans Peter"]
[Result "1-0"]
[WhiteElo "2072"]
[BlackElo "1933"]
[PlyCount "43"]
[EventDate "2015.08.15"]
[EventType "swiss"]
[EventRounds "9"]
[EventCountry "GER"]
[SourceTitle "EXT 2018"]
[Source "ChessBase"]
[SourceDate "2017.10.13"]
[SourceVersion "1"]
[SourceVersionDate "2017.10.13"]
[SourceQuality "1"]

1. e4 e5 2. Nf3 Nc6 3. Nc3 Nf6 4. d4 exd4 5. Nxd4 d6 6. Be2 Bd7 7. 0-0 Be7 8. Re1 0-0 9. Rb1 a6 10. Bf4 Re8 11. Bf1 Bf8 12. Bg5 h6 13. Bh4 Ne5 14. Nd5 g5 15. Nxf6+ Qxf6 16. Bg3 Bg7 17. c3 Re7 18. Nc2 Rd8 19. Ne3 c6 20. Qb3 Be6 21. Qb6 Bxa2 22. Qxd8+ 1-0

[Event "GER-chA Seniors 27th"]
[Site "Magdeburg"]
[Date "2015.08.20"]
[Round "6"]
[White "Sailer, Hans Peter"]
[Black "Krause, Christian"]
[Result "0-1"]
[WhiteElo "1933"]
[BlackElo "2140"]
[PlyCount "86"]
[EventDate "2015.08.15"]
[EventType "swiss"]
[EventRounds "9"]
[EventCountry "GER"]
[SourceTitle "EXT 2018"]
[Source "ChessBase"]
[SourceDate "2017.10.13"]
[SourceVersion "1"]
[SourceVersionDate "2017.10.13"]
[SourceQuality "1"]

1. e4 g6 2. d4 c6 3. Nc3 Bg7 4. f4 d5 5. e5 h5 6. Nf3 Bg4 7. h3 Bxf3 8. Qxf3 e6 9. Be3 h4 10. 0-0-0 Nh6 11. Be2 Bf8 12. Bf2 Be7 13. g4 hxg3 14. Bxg3 Nf5 15. Bf2 Bh4 16. Bd3 Nd7 17. Rdg1 Bxf2 18. Qxf2 Qh4 19. Qxh4 Rxh4 20. Ne2 Ke7 21. Rg4 Rah8 22. Rxh4 Rxh4 23. Kd2 f6 24. Bxf5 exf5 25. Ke3 Nf8 26. Kf3 Ne6 27. Kg3 g5 28. Rf1 Ng7 29. exf6+ Kxf6 30. fxg5+ Kxg5 31. c3 Nh5+ 32. Kh2 Re4 33. Rf2 f4 34. Ng1 Re3 35. Nf3+ Kf5 36. Ne5 Nf6 37. Rg2 f3 38. Rf2 Ke4 39. Ng4 Nxg4+ 40. hxg4 Kf4 41. g5 Re2 42. Kg1 Kg3 43. Rf1 f2+ 0-1

[Event "GER-chA Seniors 26th"]
[Site "Bad Neuenahr"]
[Date "2014.08.07"]
[Round "3"]
[White "Sailer, Hans Peter"]
[Black "Dohmes, Herbert"]
[Result "1-0"]
[WhiteElo "1933"]
[BlackElo "2102"]
[PlyCount "111"]
[EventDate "2014.08.05"]
[EventType "swiss"]
[EventRounds "9"]
[EventCountry "GER"]
[SourceTitle "EXT 2018"]
[Source "ChessBase"]
[SourceDate "2017.10.13"]
[SourceVersion "1"]
[SourceVersionDate "2017.10.13"]
[SourceQuality "1"]

1. e4 d6 2. d4 Nf6 3. Nc3 g6 4. f4 Bg7 5. Nf3 c6 6. e5 Nd5 7. Nxd5 cxd5 8. exd6 Qxd6 9. Be2 0-0 10. 0-0 Bg4 11. c3 Nc6 12. Ne5 Bxe2 13. Qxe2 e6 14. Be3 Rfc8 15. g4 f5 16. Rae1 Bxe5 17. fxe5 Qd7 18. gxf5 exf5 19. Bg5 Qe6 20. Qe3 Nd8 21. Kh1 Nf7 22. Rg1 Nxg5 23. Qxg5 Rc7 24. Ref1 Rg7 25. Rf4 Kf8 26. Rg3 b5 27. Rh4 Re8 28. Rh6 Kg8 29. h4 Rf8 30. h5 f4 31. hxg6 Kh8 32. Rgh3 Kg8 33. Rxh7 Qxg6 34. Rxg7+ Kxg7 35. Qxg6+ Kxg6 36. Kg2 a5 37. Kf3 b4 38. Rh4 bxc3 39. bxc3 Rc8 40. Rxf4 Rxc3+ 41. Kg4 Rd3 42. Rf6+ Kg7 43. Rf4 a4 44. Kf5 Re3 45. Ke6 Re4 46. Rf7+ Kg8 47. Rd7 Rxd4 48. Rxd5 Rc4 49. Kd7 Rb4 50. e6 Rb7+ 51. Kd8 Rb8+ 52. Ke7 Rb7+ 53. Kf6 Rb2 54. Rg5+ Kh8 55. e7 Rf2+ 56. Ke6 1-0

[Event "Norderstedt op"]
[Site "Norderstedt"]
[Date "2013.04.01"]
[Round "8"]
[White "Sailer, Hans Peter"]
[Black "Kroeger, Eckhard"]
[Result "1-0"]
[WhiteElo "1907"]
[BlackElo "2069"]
[PlyCount "63"]
[EventDate "2013.03.28"]
[EventType "swiss"]
[EventRounds "9"]
[EventCountry "GER"]
[SourceTitle "EXT 2015"]
[Source "ChessBase"]
[SourceDate "2014.11.20"]
[SourceVersion "1"]
[SourceVersionDate "2014.11.20"]
[SourceQuality "1"]

1. e4 c5 2. Nf3 Nc6 3. d4 cxd4 4. Nxd4 Nf6 5. Nc3 e5 6. Ndb5 d6 7. Bg5 a6 8. Na3 b5 9. Nd5 Be7 10. Bxf6 Bxf6 11. c3 Bg5 12. Nc2 0-0 13. Nce3 g6 14. Bd3 Be6 15. 0-0 Bh6 16. a4 bxa4 17. Qxa4 Bd7 18. b4 Bg7 19. Qd1 a5 20. bxa5 Rxa5 21. Rxa5 Nxa5 22. Qf3 Be6 23. Rb1 Bxd5 24. Nxd5 Nc6 25. g3 Kh8 26. Rb7 f5 27. exf5 Qg5 28. h4 Qd2 29. f6 Bh6 30. Rb6 e4 31. Qxe4 Ne5 32. Be2 1-0

[Event "Norderstedt op"]
[Site "Norderstedt"]
[Date "2013.03.29"]
[Round "3"]
[White "Sailer, Hans Peter"]
[Black "Pajeken, Jakob Leon"]
[Result "1-0"]
[WhiteElo "1907"]
[BlackElo "1402"]
[PlyCount "61"]
[EventDate "2013.03.28"]
[EventType "swiss"]
[EventRounds "9"]
[EventCountry "GER"]
[SourceTitle "EXT 2015"]
[Source "ChessBase"]
[SourceDate "2014.11.20"]
[SourceVersion "1"]
[SourceVersionDate "2014.11.20"]
[SourceQuality "1"]

1. e4 e5 2. Nf3 Nc6 3. Bb5 a6 4. Ba4 Nf6 5. 0-0 Be7 6. Re1 d6 7. c3 0-0 8. d4 b5 9. Bc2 Bg4 10. Be3 Re8 11. Nbd2 Bf8 12. d5 Nb8 13. Nf1 Nbd7 14. Ng3 g6 15. h3 Bxf3 16. Qxf3 Nb6 17. Rad1 Bg7 18. Bg5 Nc4 19. Bc1 Nd7 20. b3 Ncb6 21. Qg4 Nc5 22. Bg5 Qc8 23. Qh4 a5 24. Re3 b4 25. Rf3 bxc3 26. Bf6 Qd7 27. Nh5 Bh6 28. Bg5 Bxg5 29. Qxg5 Qe7 30. Nf6+ Kh8 31. Qh6 1-0

[Event "GER-ch Seniors"]
[Site "Dresden"]
[Date "2012.08.12"]
[Round "4"]
[White "Babichev, Vyacheslav"]
[Black "Sailer, Hans Peter"]
[Result "0-1"]
[WhiteElo "1763"]
[BlackElo "1898"]
[PlyCount "40"]
[EventDate "2012.08.09"]
[EventType "swiss"]
[EventRounds "9"]
[EventCountry "GER"]
[SourceTitle "EXT 2014"]
[Source "ChessBase"]
[SourceDate "2013.11.20"]
[SourceVersion "1"]
[SourceVersionDate "2013.11.20"]
[SourceQuality "1"]

1. e4 e5 2. Nf3 Nc6 3. Bb5 a6 4. Ba4 Nf6 5. 0-0 Be7 6. Re1 b5 7. Bb3 0-0 8. c3 d5 9. exd5 Nxd5 10. Nxe5 Nxe5 11. Rxe5 Nf6 12. d4 Bd6 13. Re1 Ng4 14. g3 Nxh2 15. Kxh2 Qh4+ 16. Kg2 Qh3+ 17. Kg1 Bxg3 18. Bxf7+ Kh8 19. Qh5 Bxf2+ 20. Kxf2 Qxh5 0-1

[Event "GER-ch Seniors"]
[Site "Dresden"]
[Date "2012.08.11"]
[Round "3"]
[White "Sailer, Hans Peter"]
[Black "Wulf, Adalbert"]
[Result "1/2-1/2"]
[WhiteElo "1898"]
[BlackElo "1944"]
[PlyCount "102"]
[EventDate "2012.08.09"]
[EventType "swiss"]
[EventRounds "9"]
[EventCountry "GER"]
[SourceTitle "EXT 2014"]
[Source "ChessBase"]
[SourceDate "2013.11.20"]
[SourceVersion "1"]
[SourceVersionDate "2013.11.20"]
[SourceQuality "1"]

1. e4 e6 2. d4 d5 3. Nd2 dxe4 4. Nxe4 Nd7 5. Nf3 Ngf6 6. Nxf6+ Nxf6 7. Bg5 Be7 8. Bd3 c5 9. dxc5 Qa5+ 10. c3 Qxc5 11. 0-0 0-0 12. Qc2 h6 13. Bf4 Bd7 14. Ne5 Bb5 15. c4 Rfc8 16. Qe2 Be8 17. a3 a5 18. Rfe1 a4 19. Rad1 Rd8 20. Bd2 Rab8 21. Ng6 Bd6 22. Bb4 Qc7 23. Ne5 Bxb4 24. axb4 Qb6 25. b5 Ra8 26. Ra1 Qc5 27. Red1 Kf8 28. Kf1 a3 29. bxa3 Rxa3 30. Rxa3 Qxa3 31. Bc2 Ra8 32. h3 Ke7 33. Qd2 Qc5 34. Qd4 Rc8 35. Bb3 Qb4 36. Qd3 Qc5 37. f4 Ra8 38. Ke2 Ra3 39. Qd8+ Kf8 40. Qd3 Qb4 41. Rb1 Ra8 42. g4 Qc5 43. Rd1 Ke7 44. h4 g5 45. hxg5 hxg5 46. Qe3 Qxe3+ 47. Kxe3 Ra3 48. Rd3 gxf4+ 49. Kxf4 Nd7 50. Nxd7 Bxd7 51. g5 Ra1 1/2-1/2

[Event "GER-ch Seniors"]
[Site "Dresden"]
[Date "2012.08.10"]
[Round "2"]
[White "Schmidt, Gerhard3"]
[Black "Sailer, Hans Peter"]
[Result "1-0"]
[WhiteElo "2232"]
[BlackElo "1898"]
[PlyCount "60"]
[EventDate "2012.08.09"]
[EventType "swiss"]
[EventRounds "9"]
[EventCountry "GER"]
[SourceTitle "EXT 2014"]
[Source "ChessBase"]
[SourceDate "2013.11.20"]
[SourceVersion "1"]
[SourceVersionDate "2013.11.20"]
[SourceQuality "1"]

1. d4 Nf6 2. Nf3 e6 3. c4 d5 4. Nc3 Bb4 5. e3 c5 6. a3 Bxc3+ 7. bxc3 Nc6 8. Bd3 dxc4 9. Bxc4 0-0 10. 0-0 b6 11. Qe2 Qc7 12. Rd1 Ne4 13. Bb2 Bb7 14. Bd3 Na5 15. a4 Rac8 16. Ne5 Rfd8 17. f3 Nf6 18. Rf1 Nc6 19. f4 Nxe5 20. fxe5 Ne4 21. Rf4 f5 22. exf6 Nxf6 23. Raf1 Rf8 24. c4 Qe7 25. a5 Nd7 26. axb6 axb6 27. Qh5 g6 28. Bxg6 hxg6 29. Qxg6+ Qg7 30. Qxe6+ Rf7 1-0

[Event "Hessen-ch Seniors op 07th"]
[Site "Bad Sooden-Allendorf"]
[Date "2011.05.06"]
[Round "7"]
[White "Kahn, Peter"]
[Black "Sailer, Hans Peter"]
[Result "1/2-1/2"]
[WhiteElo "1974"]
[BlackElo "1784"]
[PlyCount "52"]
[EventDate "2011.04.30"]
[EventType "swiss"]
[EventRounds "9"]
[EventCountry "GER"]
[SourceTitle "EXT 2012"]
[Source "ChessBase"]
[SourceDate "2011.11.24"]
[SourceVersion "1"]
[SourceVersionDate "2011.11.24"]
[SourceQuality "1"]

1. Nf3 Nf6 2. d4 e6 3. e3 d5 4. Bd3 c5 5. c3 Nc6 6. Nbd2 Bd6 7. 0-0 0-0 8. dxc5 Bxc5 9. e4 e5 10. Qe2 Bg4 11. h3 Bh5 12. exd5 Qxd5 13. Ne4 Bg6 14. Nxc5 Qxc5 15. Bxg6 hxg6 16. Be3 Qe7 17. Rad1 Rfd8 18. Qc4 Rac8 19. Qh4 Rxd1 20. Rxd1 Rd8 21. Qa4 Nd5 22. Bg5 f6 23. Qe4 Qf7 24. c4 Nb6 25. Rxd8+ Nxd8 26. Qd3 Nc6 1/2-1/2

[Event "Hessen-ch Seniors op 07th"]
[Site "Bad Sooden-Allendorf"]
[Date "2011.05.05"]
[Round "6"]
[White "Sailer, Hans Peter"]
[Black "Schwertel, Johann"]
[Result "1-0"]
[WhiteElo "1784"]
[BlackElo "1884"]
[PlyCount "64"]
[EventDate "2011.04.30"]
[EventType "swiss"]
[EventRounds "9"]
[EventCountry "GER"]
[SourceTitle "EXT 2012"]
[Source "ChessBase"]
[SourceDate "2011.11.24"]
[SourceVersion "1"]
[SourceVersionDate "2011.11.24"]
[SourceQuality "1"]

1. e4 c6 2. d4 d5 3. Nd2 dxe4 4. Nxe4 Nf6 5. Nxf6+ exf6 6. Nf3 Bd6 7. Be2 0-0 8. Be3 Re8 9. Qd2 Nd7 10. 0-0 Nf8 11. Rfe1 Bg4 12. c4 Ng6 13. c5 Bc7 14. Rad1 Qd5 15. b3 Rad8 16. h3 Be6 17. Bc4 Qd7 18. Bxe6 fxe6 19. Qc1 Qd5 20. Nh2 Bb8 21. Nf3 Bc7 22. Nh2 Nh4 23. f3 Rd7 24. Bf2 Ng6 25. Ng4 Rde7 26. Ne3 Qg5 27. Kh1 Nf4 28. b4 Qg6 29. Qc4 Nd5 30. a3 Qg5 31. Qc1 Bd8 32. Nc4 Bc7 1-0

[Event "GER-ch Seniors 22nd"]
[Site "Berlin"]
[Date "2010.08.16"]
[Round "1"]
[White "Sailer, Hans Peter"]
[Black "Khanukov, Boris"]
[Result "0-1"]
[WhiteElo "1798"]
[BlackElo "2258"]
[PlyCount "79"]
[EventDate "2010.08.16"]
[EventType "swiss"]
[EventRounds "9"]
[EventCountry "GER"]
[SourceTitle "CBM 138 Extra"]
[Source "ChessBase"]
[SourceDate "2010.10.29"]
[SourceVersion "1"]
[SourceVersionDate "2010.10.29"]
[SourceQuality "1"]

1. e4 g6 2. d4 Bg7 3. Nc3 c6 4. Be3 d5 5. Nf3 dxe4 6. Nxe4 Nd7 7. Bc4 Nb6 8. Bb3 a5 9. a4 Nd5 10. Qe2 Bf5 11. Ng3 Bg4 12. Rd1 Ngf6 13. 0-0 0-0 14. h3 Bxf3 15. Qxf3 b5 16. Ne4 Nxe4 17. Qxe4 e6 18. Rfe1 Qd7 19. Bf4 Nb6 20. axb5 cxb5 21. c3 a4 22. Ba2 a3 23. Qc2 axb2 24. Qxb2 Rfc8 25. Bb3 Na4 26. Bxa4 bxa4 27. Ra1 Bf8 28. Reb1 Qc6 29. Bd2 a3 30. Qb5 Qe4 31. Be1 Bd6 32. Qb3 h5 33. Qd1 Qf4 34. Kf1 Rab8 35. Qd3 Rb2 36. c4 Rcb8 37. g3 Rxb1 38. Rxb1 Rxb1 39. Qxb1 Qxd4 40. Qc2 0-1

[Event "GER-ch Seniors 21st"]
[Site "Dresden"]
[Date "2009.08.04"]
[Round "2"]
[White "Berndt, Walter"]
[Black "Sailer, Hans Peter"]
[Result "1-0"]
[WhiteElo "2157"]
[BlackElo "1930"]
[PlyCount "127"]
[EventDate "2009.08.03"]
[EventType "swiss"]
[EventRounds "9"]
[EventCountry "GER"]
[SourceTitle "CBM 131 Extra"]
[Source "ChessBase"]
[SourceDate "2009.09.03"]
[SourceVersion "2"]
[SourceVersionDate "2009.09.16"]
[SourceQuality "1"]

1. e4 e5 2. Nf3 Nc6 3. Bb5 a6 4. Ba4 Nf6 5. 0-0 b5 6. Bb3 Be7 7. Re1 0-0 8. c3 d5 9. d3 dxe4 10. dxe4 Bd6 11. Bg5 Na5 12. Bc2 Nc4 13. b3 Nb6 14. h3 Be6 15. Nh2 Nbd7 16. Qf3 Be7 17. Nd2 Re8 18. Rad1 c5 19. Ndf1 Qc7 20. Ne3 Bf8 21. Nhg4 Nxg4 22. Nxg4 f6 23. Bc1 c4 24. b4 a5 25. a3 Ra6 26. Ne3 Nb6 27. Rd2 axb4 28. axb4 Ra1 29. Red1 Rea8 30. Nf5 Qc6 31. Bb2 R1a7 32. Kh2 Rd7 33. Rxd7 Nxd7 34. Bc1 Nb6 35. Bd2 Rd8 36. Qg3 Kh8 37. Qe3 Rd7 38. Ra1 Qc8 39. Be1 Qc7 40. Ra6 Nc8 41. Rxe6 Qd8 42. Ra6 Kg8 43. Qg3 Qc7 44. Rxf6 Qa7 45. Re6 Qa2 46. Ne3 Qa1 47. f3 Qc1 48. Qf2 Ne7 49. Rxe5 Ng6 50. Rd5 Ra7 51. Rd1 Qb2 52. Rb1 Qa3 53. Qd2 Qa6 54. Qd5+ Kh8 55. g3 Qf6 56. Qf5 Qxf5 57. exf5 Ne5 58. Kg2 Ra2 59. Bf2 Kg8 60. f4 Nd3 61. Bxd3 cxd3 62. Rd1 d2 63. Kf1 Ra3 64. Nd5 1-0

[Event "GER-ch Seniors-A 20th"]
[Site "Erfurt"]
[Date "2008.08.08"]
[Round "4"]
[White "Sailer, Hans Peter"]
[Black "Narr, Irmgard"]
[Result "1-0"]
[WhiteElo "1850"]
[BlackElo "1606"]
[PlyCount "51"]
[EventDate "2008.08.05"]
[EventType "swiss"]
[EventRounds "9"]
[EventCountry "GER"]
[SourceTitle "CBM 126 Extra"]
[Source "ChessBase"]
[SourceDate "2008.11.05"]
[SourceVersion "1"]
[SourceVersionDate "2008.11.05"]
[SourceQuality "1"]

1. e4 e6 2. d4 d5 3. Nd2 dxe4 4. Nxe4 Be7 5. Nf3 Nf6 6. Bd3 Nbd7 7. Qe2 b6 8. Ne5 Bb7 9. Nxf7 Kxf7 10. Ng5+ Ke8 11. Nxe6 Qc8 12. Nxg7+ Kd8 13. Ne6+ Ke8 14. Bf4 Kf7 15. Ng5+ Kf8 16. 0-0-0 a5 17. Rhe1 Qe8 18. Ne6+ Kg8 19. Nxc7 Qf7 20. Nxa8 Nd5 21. Bh6 N5f6 22. Nxb6 Nxb6 23. Qxe7 Qxe7 24. Rxe7 Bd5 25. Rg7+ Kf8 26. Rb7+ 1-0

[Event "GER-ch Seniors 18th"]
[Site "Dresden"]
[Date "2006.07.27"]
[Round "6"]
[White "Gerhards, Walter"]
[Black "Sailer, Hans Peter"]
[Result "1/2-1/2"]
[WhiteElo "1856"]
[BlackElo "1822"]
[PlyCount "97"]
[EventDate "2006.07.22"]
[EventType "swiss"]
[EventRounds "9"]
[EventCountry "GER"]
[SourceTitle "EXT 2022"]
[Source "ChessBase"]
[SourceDate "2021.10.06"]
[SourceVersion "1"]
[SourceVersionDate "2021.10.06"]
[SourceQuality "1"]

1. e4 e5 2. Nf3 Nc6 3. Bb5 a6 4. Ba4 Nf6 5. 0-0 Be7 6. Re1 b5 7. Bb3 0-0 8. c3 d5 9. exd5 Nxd5 10. Nxe5 Nxe5 11. Rxe5 Nf6 12. d4 Bd6 13. Re1 Ng4 14. Qf3 Qh4 15. h3 h5 16. Bf4 Nxf2 17. Bxd6 Nxh3+ 18. Kf1 cxd6 19. Re4 Bg4 20. gxh3 Bxh3+ 21. Kg1 Qg5+ 22. Kh2 Bg4 23. Qf4 Qh4+ 24. Kg1 Kh8 25. Nd2 Rae8 26. Rxe8 Rxe8 27. Nf3 Re4 28. Nxh4 Rxf4 29. Ng2 Rf6 30. Rf1 Rxf1+ 31. Kxf1 f6 32. Bd5 g5 33. Bb7 a5 34. Ne3 Bd7 35. Kf2 Kg7 36. c4 f5 37. c5 dxc5 38. dxc5 f4 39. Ng2 Be6 40. a3 Kf6 41. b4 axb4 42. axb4 Ke5 43. Bc6 Bc4 44. Be8 Kd4 45. c6 Kc3 46. c7 Be6 47. Bxb5 Bc8 48. Be8 Kxb4 49. Bxh5 1/2-1/2

[Event "NRW-ch Seniors"]
[Site "NRW"]
[Date "2004.05.14"]
[Round "7.3"]
[White "Sailer, Hans Peter"]
[Black "Neese, Hans Joachim"]
[Result "0-1"]
[WhiteElo "1850"]
[BlackElo "2147"]
[PlyCount "44"]
[EventDate "2004.05.08"]
[EventType "swiss"]
[EventRounds "9"]
[EventCountry "GER"]
[SourceTitle "EXT 2006"]
[Source "ChessBase"]
[SourceDate "2005.11.24"]
[SourceVersion "1"]
[SourceVersionDate "2005.11.24"]
[SourceQuality "1"]

1. e4 c5 2. Nf3 d6 3. d4 cxd4 4. Nxd4 Nf6 5. Nc3 a6 6. Be3 e6 7. Bd3 b5 8. 0-0 Bb7 9. a3 Nbd7 10. f4 Qc7 11. Qf3 Nc5 12. Rae1 Be7 13. g4 d5 14. exd5 Nxd3 15. cxd3 Nxd5 16. Nxd5 Bxd5 17. Qe2 0-0 18. Rc1 Qd7 19. Nf3 Rfc8 20. Ne5 Qe8 21. Qf2 f6 22. Nf3 Qg6 0-1